El final de la aventura /

Bibliographic Details
Main Author: García Maldonado, Antonio, 1983- (Author)
Other Authors: Cruz, Manuel (contributor agent of text.)
Format: Electronic eBook
Language:Spanish
Published: [Valencia] : La Caja Books, [2020]
Edition:Primera edición.
Series:Caja baja (Valencia, Spain) ; 19.
Subjects:
Online Access:Digitalia Hispánica

MARC

LEADER 00000nam a2200000Ii 4500
001 DIGCAJABK0003
003 NyNyDIG
006 m o d
007 cr |||||||||||
008 240722s2020 sp ob 000 0 spa d
035 |a (OCoLC)1403903301 
040 |a DGITA  |b eng  |e rda  |e pn  |c DGITA 
020 |a 9788417496401  |q eBook 
020 |z 9788417496388 
050 1 4 |a D23 ebook 
100 1 |a García Maldonado, Antonio,  |d 1983-  |e author. 
245 1 3 |a El final de la aventura /  |c Antonio García Maldonado ; prólogo de Manuel Cruz. 
250 |a Primera edición. 
264 1 |a [Valencia] :  |b La Caja Books,  |c [2020] 
300 |a 1 online resource. 
336 |a text  |b txt  |2 rdacontent 
337 |a computer  |b c  |2 rdamedia 
338 |a online resource  |b cr  |2 rdacarrier 
347 |a text file  |2 rdaft 
347 |b EPUB 
490 1 |a Caja baja ;  |v 19 
504 |a Includes bibliographical references. 
588 0 |a Online resource; title from ePub title page (Digitalia, viewed July 22, 2024) 
650 0 |a Civilization  |x History. 
700 1 |a Cruz, Manuel,  |e contributor agent of text. 
791 2 |a Digitalia (Firm),  |e distributor. 
793 0 |g Digitalia eBook Collection:  |a La Caja Books 
776 0 8 |i Print version:  |a García Maldonado, Antonio, 1983-  |t Final de la aventura.  |b Primera edición.  |d [Valencia] : La Caja Books, [2020]  |z 9788417496388 
830 0 |a Caja baja (Valencia, Spain) ;  |v 19. 
856 4 0 |3 Digitalia Hispánica  |u https://www.digitaliapublishing.com/a/99806/ 
910 |a Premium collection: 2024